000 00274nam a22001217a 4500
008 260305b ||||| |||| 00| 0 eng d
041 _aeng
080 _a2.1
100 _a20.1
101 _aNgjarje
245 _aReisen in den Balkan
_cFranz Baron Nopcsa
942 _2udc
_cBK
999 _c60870
_d60870